Gods country : a case against theocracy /

Uloženo v:
Podrobná bibliografie
Hlavní autor: Rapp, Sandy (Autor)
Médium: Kniha
Jazyk:angličtina
Vydáno: New York \etc.! : Harrington Park, c1991
Tagy: Přidat tag
Žádné tagy, Buďte první, kdo vytvoří štítek k tomuto záznamu!

MARC

LEADER 00000nam a22000007i 4500
001 IT\ICCU\MIL\0136207
003 ItRI
005 20260115231828.0
008 930120s1991 xxu|||||| ||||| |||||c
020 |a 0918393949 
040 |b ita  |c importazione bologna sebina 
041 7 |a eng  |2 ISO-639-2 
100 1 |a Rapp, Sandy  |0 IT\ICCU\MILV\087643  |4 aut 
245 1 0 |a Gods country :  |b a case against theocracy /  |c Sandy Rapp. 
260 |a New York \etc.! :  |b Harrington Park,  |c c1991 
300 |a XI, 139 p. ;  |c 22 cm. 
942 |2 ddc  |c BK  |n 0 
952 |0 0  |1 0  |4 0  |6 DOC_306_709000000000000_RAP  |7 0  |9 13696  |a BO  |b BO  |d 2026-01-15  |i 2549  |l 0  |o DOC 306.709 RAP  |p BO2549  |r 2026-01-15 23:18:28  |w 2026-01-15  |x [Sebina 5] [1 v.]  |y BK  |z 1 v. 
999 |c 11777  |d 11777